000 00439 a2200157 4500
999 _c9843
_d9843
003 OSt
005 20220303142141.0
008 220303b ||||| |||| 00| 0 eng d
020 _a9780387454450
082 _a591.7
_bBIS
100 _aBissonette, John A.; Storch, Ilse
245 _aTemporal dimensions of landscape ecology : wildlife responses to variable resources
260 _bSpringer
700 _aBissonette, John A.
942 _2ddc